| 000 | 00908nam a2200277 a 4500 | ||
|---|---|---|---|
| 001 | BRL_183 | ||
| 005 | 20190320210627.0 | ||
| 008 | 890719s1988 mx-af####b---f000-0#spa-# | ||
| 020 | _a9686068007 | ||
| 040 |
_aDLC _cDLC _dDLC |
||
| 050 | 4 |
_aF1218.5 _b.I5 1988 |
|
| 245 | 1 | 0 |
_aINAH _buna historia _cJulio César Olivé Negrete, Augusto Urteaga Castro-Pozo, coordinadores. |
| 260 |
_aMéxico _bINAH _c1988 |
||
| 300 |
_a464 p. _bil. _c21 cm. |
||
| 440 | 0 |
_aColección Divulgación _923155 |
|
| 500 | _aAu223 | ||
| 504 | _aBibliografía: p. 459-464 | ||
| 610 | 2 | 4 |
_aInstituto Nacional de Antropología e Historia _xHistoria _923156 |
| 650 | 1 | 4 |
_aIndígenas de México _xMuseo _923157 |
| 650 | 1 | 4 |
_aIndígenas de México _xAntigüedades _9509 |
| 651 | 4 |
_aMéxico _xAntigüedades _92765 |
|
| 700 | 1 |
_aOlivé Negrete, Julio César _923158 |
|
| 700 | 1 |
_aUrteaga, Augusto _923159 |
|
| 902 | _aGRL | ||
| 942 |
_2lcc _cB |
||
| 999 |
_c8996 _d8996 |
||